| 000 | 00596 a2200253 4500 | ||
|---|---|---|---|
| 260 | _aParis | ||
| 630 | _a33 - Economie. Economie politique | ||
| 037 | _b1, Achat | ||
| 650 | _a3 - SCIENCES SOCIALES | ||
| 100 | _aAlbertini, J.-M. | ||
| 260 | _bEditions ouvrières | ||
| 245 | _aLes rouages de l'économie nationale | ||
| 300 | _a255 p. | ||
| 650 | _aEconomie nationale | ||
| 260 | _c1972 | ||
| 300 | _b18 cm | ||
| 100 | _lFr | ||
| 037 | _aDE 5272 | ||
| 250 | _aNouv. èd. rev. | ||
| 650 | _aEconomie nationale | ||
| 650 | _aRouages économiques | ||
| 999 |
_c38404 _d38404 |
||